000 01514cam a2200409 a 4500
001 8404
003 FISKH
005 20250910151201.0
008 070517s2008 mnua j b 001 0 eng
010 _a 2007021058
020 _a9781600141300
_qhardcover : alk. paper
020 _a9780531284575
020 _a1600141307
_qhardcover : alk. paper
040 _aDLC
_cDLC
_dDLC
_beng
050 0 0 _aQC173.36
_b.M36 2008
082 0 0 _a530
_222
100 1 _aManolis, Kay.
245 1 0 _aMatter /
_cby Kay Manolis.
250 _aThis edition published in 2011
260 _aMinneapolis :
_bBellwether Media,
_c2008.
300 _a24 pages :
_bcolor illustrations ;
_c23 cm
336 _atext
_btxt
_2rdacontent
337 _aunmediated
_bn
_2rdamedia
338 _avolume
_bnc
_2rdacarrier
490 0 _aBlastoff! readers. First science
504 _aIncludes bibliographical references (p. 23) and index.
505 _aL
520 _a"First Science explains introductory physical science concepts about matter through real-world observation and simple scientific diagrams. Intended for students in grades three through six"--Provided by publisher.
521 8 _a520
_bLexile
521 8 _aL
_bRaz-Plus
650 0 _aMatter
_vJuvenile literature.
650 0 _aMatter
_xProperties
_vJuvenile literature.
655 7 _aLiterature.
_2lcgft
_0https://id.loc.gov/authorities/genreForms/gf2014026415
906 _a7
_bcbc
_corignew
_d1
_eecip
_f20
_gy-gencatlg
942 _2ddc
_cBK
_n0
999 _c8404
_d8404